[Event "Pan American Intercollegiate-chT"]
[Site "Chess.com INT"]
[Date "2021.01.05"]
[Round "5"]
[White "Li, Ruifeng"]
[Black "Ali Marandi, Cemil Can"]
[Result "1-0"]
[WhiteElo "2541"]
[BlackElo "2543"]
[PlyCount "53"]
[EventDate "2021.01.04"]
[EventType "team-swiss (rapid)"]
[EventRounds "9"]
[EventCountry "USA"]
[SourceTitle "CBM 200 Extra"]
[Source "ChessBase"]
[SourceDate "2021.03.31"]
[SourceVersion "1"]
[SourceVersionDate "2021.03.31"]
[SourceQuality "1"]
[WhiteTeam "Austin Univ"]
[BlackTeam "St Louis Univ II"]
[WhiteTeamCountry "USA"]
[BlackTeamCountry "USA"]

1. e4 e5 2. Nf3 Nc6 3. Bc4 Bc5 4. c3 Nf6 5. d3 a6 6. Bb3 d6 7. h3 h6 8. Nbd2 d5 9. exd5 Nxd5 10. Ne4 Ba7 11. 0-0 Be6 12. Re1 0-0 13. Ng3 Re8 14. a4 Bb6 15. a5 Bxa5 16. Nxe5 Nxe5 17. Rxe5 Nxc3 18. bxc3 Bxc3 19. Rxe6 Rxe6 20. Bxe6 Bxa1 21. Ba2 Bd4 22. Qg4 Kh8 23. Nf5 Bf6 24. Bxh6 g6 25. Bxf7 gxf5 26. Bg7+ Bxg7 27. Qh5+ 1-0